La Trinidad en los padres de la Iglesia
保存先:
| フォーマット: | 図書 |
|---|---|
| 言語: | スペイン語 |
| 出版事項: |
Madrid
Ciudad Nueva
1999
|
| シリーズ: | Textos Patrísticos
|
| 主題: | |
| タグ: |
タグ追加
タグなし, このレコードへの初めてのタグを付けませんか!
|
MARC
| LEADER | 00000nam a2200000 a 4500 | ||
|---|---|---|---|
| 001 | UCO8899 | ||
| 003 | CL-VaPUC | ||
| 008 | 010105e19990000SP |||||||||||||||||spa|d | ||
| 082 | 0 | 4 | |a 231.044 |b TRI |2 21 |
| 245 | 1 | 3 | |a La Trinidad en los padres de la Iglesia |
| 300 | |a 135 p | ||
| 942 | |c BK | ||
| 945 | |d 20010105 00:00:00 |a vberengu | ||
| 260 | |a Madrid |b Ciudad Nueva |c 1999 | ||
| 600 | 0 | |a Dios |9 314467 | |
| 600 | 0 | 7 | |a SANTISIMA TRINIDAD |2 CL-VaPUC |9 347537 |
| 650 | 0 | |a Creencias religiosas |9 373391 | |
| 650 | 0 | |a Eucaristía |9 257336 | |
| 650 | 0 | |a Teología |9 258766 | |
| 583 | |a last modification |c 20010105 00:00:00 |k Rodrigo Vera | ||
| 490 | 0 | |a Textos Patrísticos | |
| 999 | |c 293318 |d 293316 | ||
| 952 | |0 0 |1 0 |4 0 |6 231_044000000000000_TRI_1999 |7 0 |8 A |9 344779 |a BIBTEO |b BIBTEO |d 2019-11-20 |i 3678881 |o 231.044 TRI 1999 |p 3678881 |r 2025-01-17 |w 2019-11-20 |y BK |k ICR | ||